000 00476nam a2200169Ia 4500
008 131103s9999 xx 000 0 und d
020 _a1854770381
040 _aLoreto College
041 _aEnglish
082 _a822.08/BYR
_bLCLIB/45719/EnSem 474
100 _aByron,Lord
245 _aThree plays
_b Sardanaplus;the two Foscari;Cain : 1821
_cLord Byron
260 _aOxford
_bWoodstock Books
_c1990
300 _a439p
_c 18cm
850 _aLCLIB/822.08/BYR
942 _cBK
999 _c17475
_d67954